Icons Unmasked II Quiz Stats

 Plays Quiz Updated May 17, 2016

Also try: Icons Unmasked
Challenge
Share
Tweet
Score 0/20 Timer 07:00
0 Plays Today
% Correct
Snoopy / Brian Griffin
99.3%
Donald Duck / Daffy Duck
99.2%
E.T. / Xenomorph
98.4%
Tigger / Tony the Tiger
97.4%
Goofy / Jar Jar Binks
97%
Yoda / Splinter
96.1%
Peter Pan / Link
94.5%
Stuart the Minion / Stormtrooper
94.2%
Eeyore / Sadness
91.5%
Curious George / Caesar
90%
% Correct
Ned Flanders / Walter White
86.3%
Merlin / Gandalf the Grey
81.7%
Pig-pen / Oscar the Grouch
81.3%
Bender Bending Rodríguez / The Iron Giant
80.8%
Pleakley / Mike Wazowski
80.6%
Lorax / Captain Planet
74.5%
Philip J. Fry / Marty McFly
73.2%
Hobbes / Bing Bong
72.2%
Tintin & Snowy / Finn & Jake
67.1%
Kirby / Jigglypuff
64.3%

You're not logged in!

Compare scores with friends on all Sporcle quizzes.
OR
Log In

You Might Also Like...

Show Comments

Extras

Top Quizzes Today


Score Distribution

Your Account Isn't Verified!

In order to create a playlist on Sporcle, you need to verify the email address you used during registration. Go to your Sporcle Settings to finish the process.

Report this User

Report this user for behavior that violates our Community Guidelines.

Details: